Měnová politika Národní banky československé
Zahájenie činnosti Národní banky československé v r. 1926. Štyri názorové prúdy na finančnú a menovú politiku: smer A. Rašína, smer K. Engliša, smer českých keynesiáncov, smer marxistický. Zavádzanie zlatej meny. Menové prejavy svetovej hospodárskej krízy (1929-1934). Emisná politika NBČ - zmenkový...
Salvato in:
| Autore principale: | |
|---|---|
| Natura: | Capitolo di libro |
| Lingua: | ceco |
| Soggetti: | |
| Tags: |
Nessun Tag, puoi essere il primo ad aggiungerne!!
|
MARC
| LEADER | 00000naa a2200000 4500 | ||
|---|---|---|---|
| 001 | r022513 | ||
| 005 | 20230908090433.0 | ||
| 041 | 0 | |a cze | |
| 044 | |a CZ | ||
| 245 | 1 | 0 | |a Měnová politika Národní banky československé |c František Vencovský |
| 520 | |a Zahájenie činnosti Národní banky československé v r. 1926. Štyri názorové prúdy na finančnú a menovú politiku: smer A. Rašína, smer K. Engliša, smer českých keynesiáncov, smer marxistický. Zavádzanie zlatej meny. Menové prejavy svetovej hospodárskej krízy (1929-1934). Emisná politika NBČ - zmenkový eskont a diskontná sadzba. Riadenie devízového hospodárstva. | ||
| 610 | 2 | 0 | |a politika menová |
| 610 | 2 | 0 | |a Národní banka československá |
| 610 | 2 | 0 | |a 1926 |
| 610 | 2 | 0 | |a Rašín, A. |
| 610 | 2 | 0 | |a Engliš, K. |
| 610 | 2 | 0 | |a mena |
| 610 | 2 | 0 | |a zlato |
| 610 | 2 | 0 | |a kríza hospodárska |
| 610 | 2 | 0 | |a 1929-1934 |
| 610 | 2 | 0 | |a ČSR |
| 610 | 2 | 0 | |a eskont |
| 610 | 2 | 0 | |a diskont |
| 610 | 2 | 0 | |a politika devízová |
| 100 | 1 | |a Vencovský, František | |